مضا مین شو کت (Record no. 147333)

MARC details
000 -LEADER
fixed length control field 00798nam a22002177a 4500
005 - DATE AND TIME OF LATEST TRANSACTION
control field 20171129161303.0
010 ## - LCCN (DPL NO)
LC control number UR-9920
020 ## - INTERNATIONAL STANDARD BOOK NUMBER
Terms of availability 50.00
International Standard Book Number -
035 ## - SYSTEM CONTROL NUMBER
System control number U-8475
037 ## - SOURCE OF ACQUISITION
Source of stock number/acquisition DBAD/PUB
082 ## - DEWEY DECIMAL CLASSIFICATION NUMBER
Classification number 844
100 ## - MAIN ENTRY--PERSONAL NAME
Personal name شو کت پر د یسی
245 ## - TITLE STATEMENT
Title مضا مین شو کت
Statement of responsibility, etc شو کت پر د یسی
246 ## - VARYING FORM OF TITLE
Remainder of title
Title proper/short title Mazameen-e-Shoukat
250 ## - EDITION STATEMENT
Edition statement by Shoukat Pardesi
260 ## - PUBLICATION, DISTRIBUTION, ETC. (IMPRINT)
Place of publication, distribution, etc Thane
Name of publisher, distributor, etc Nadeem Ahmad Jonpuri
Date of publication, distribution, etc 2015
270 ## - ADDRESS
Address Black WordsPublications,Mumbra,
City Thane,Bharat
Postal code -
Telephone number 09768340782
Fax number -
300 ## - PHYSICAL DESCRIPTION
Extent 56ص
Dimensions 22 Cm.(B.b)
500 ## - GENERAL NOTE
General note دو حصہ
942 ## - ADDED ENTRY ELEMENTS (KOHA)
Source of classification or shelving scheme Dewey Decimal Classification
Item type Urdu Bks
Classification part 844
Call number suffix ش و ک
Edition
Holdings
Withdrawn status Lost status Not for loan Collection code Home library Current library Date acquired Source of acquisition Cost, normal purchase price Full call number Barcode Copy number Cost, replacement price Koha item type
      Non-fiction Central Library Central Library 13/11/2017 DBAD/PUB. 50.00 844 ش و ک U-8475 1 50.00 Urdu Bks

© Delhi Public Library
Hit Counter
free hit counter